LEADER 00833nam a2200193 i 4500 001 000000234372 003 CaOOAMICUS 005 20141014000000.0 008 141014s1689 it u000 u fre u 013 $a213275 026 $ausde ,&e- leis te&l (3) 1689 (R) 040 $aSeMil$bita 245 10$aTome 9. 300 $a126, [208] p. 500 $aSegn. : a8 e4 i8 o4 u8 2a4 2e8 2i4 2o8 2u4 3a4, A-R8-4. 773 0 $aVarillas, Antoine : de <1624-1696>$tHistoire des revolutions arrivées dans l'Europe en matière de Religion. Par ... Varillas. Tome 1. [-12.].$dA Paris : Chez Claude Barbin, au palais, sur le second Perron de la Sainte Chapelle, 1686-1689.$g9$w()30695 850 $aSeMil 852 $aSeMil$W1$xVenegono$y1$m3A I 140 FA$j184718$B184718$CSeMilBibl$Z2$F195711 $8I 996 $6245$aTome 9$9(OLS)http://semarc/title/108281 LEADER 00867nam a2200205 i 4500 001 000000192528 003 CaOOAMICUS 005 20100921000000.0 008 100921s1910 it u000 u ita u 013 $a171113 040 $aSeMil$bita 100 1 $aBattaglia, Eliseo.$0(OLS)http://semarc/name/9696 245 13$aUn sovrano della bontà :$b(Don Michele Rua) /$cEliseo Battaglia. 260 $aTorino [etc.] :$bDitta G. B. Paravia e Comp.,$c1910. 300 $a158 p., [1] p. di ritratto ;$c16 cm. 650 4$aRua, Michele .$0(OLS)http://semarc/subject/21646 850 $aSeMil 852 $aSeMil$W1$xVenegono$y1$m3J I 156$j143103$B143103$CSeMilBibl$Z2$F154479 $81 996 $6245$aUn sovrano della bontà :$b(Don Michele Rua)$9(OLS)http://semarc/title/277493 996 $6260$aTorino [etc.] :$bDitta G. B. Paravia e Comp.$9(OLS)http://semarc/publisher/35214 LEADER 01030nam a2200217 4500 001 000000348327 003 CaOOAMICUS 005 20211103110842.0 008 211103s1967 it a 000 u ita r 040 $aSeMil$bita 100 1 $aDevoto, Giacomo,$d<1897-1974>.$0(OLS)http://semarc/name/2544 245 10$aVocabolario illustrato della lingua italiana /$cdi Giacomo Devoto e Gian Carlo Oli. 264 1$aMilano :$bSelezione dal Reader's Digest,$c1967. 300 $a2 v. :$bill. ;$c29 cm 650 4$aLingua italiana - Dizionari, vocabolari, glossari, etc.$0(OLS)http://semarc/subject/705 700 1 $aOli, Gian Carlo,$d<1934-1996>.$0(OLS)http://semarc/name/2545 774 0 $t1: A-L.$dMilano : Selezione dal Reader's Digest, 1967.$w()348328 774 0 $t2: M-Z.$dMilano : Selezione dal Reader's Digest, 1967.$w()348329 996 $6245$aVocabolario illustrato della lingua italiana$9(OLS)http://semarc/title/437721 996 $6264$aMilano :$bSelezione dal Reader's Digest$9(OLS)http://semarc/publisher/31157